000 00649nam a22001817a 4500
005 20251108173302.0
008 250721s2006 xx 000 0 ara d
082 1 4 _a737.4956/قيس
100 1 _aالقيسي، ناهض عبد الرزاق
245 1 0 _aالفلس العربي الإسلامي منذ صدر الإسلام وحتى نهاية العصر العباسي /
264 1 _aعمان :
_bدار المناهج للنشر والتوزيع،
_c2006.
300 _a223 ص.
650 1 7 _aالعملات
650 1 7 _aالبلدان الإسلامية
653 _aالفلس الإسلامي
942 _2ddc
_cBK
999 _c100366
_d100366